000 00371nam a2200133Ia 4500
005 20260328104315.0
008 260328s9999||||xx |||||||||||||| ||und||
100 _aSánchez, Abelardo
245 0 _aEl laberinto de la Ciudad politicas Urbanas del estado 1950-1979. /
_cAbelardo Sánchez
260 _bDesco
300 _a157 p.
650 _aARQUITECTURA
942 _cBK
999 _c11103
_d11103